000 01049nas a2200313 4500
001 BR2022000553
003 BR-BrBNA
005 20231205132255.0
007 ta
008 230509b bl.|||p| |||| 00| 00por d
040 _aBR-BrBNA
_bpor
_cBiblioteca Nacional de Agricultura
041 _a(Pt)
072 _aF70; K10
100 1 _aSilva, E.D.G. da
100 1 _aAlves, A.R.
100 1 _aCoelho, D. da C.L.
100 1 _aQuirino, N.I.L.
100 1 _aHolanda, A.C. de
100 1 _aBezerra, R.M.
111 1 _dFlorística e estrutura do componente arbustivo-arbóreo em ambiente de caatinga, Rio Grande do Norte, Brasil
650 _aCAATINGA
650 _aBIODIVERSIDADE
650 _aSEMIÁRIDO
650 _aCOMPOSIÇÃO BOTÂNICA
773 0 _tNativa. Pesquisas Agrárias e Ambientais (Brazil)
_xISSN 2318-7670
_g(2022), v. 10(1) p. 125-130
_wBR2022000553
856 4 0 _uhttps://periodicoscientificos.ufmt.br/ojs/index.php/nativa/article/view/13091/10596
909 _a202311
_bLúcia
_c55
_dLúcia Elande
942 _2AGRIS
_n0
_cANA
999 _c259421
_d259421